LEADER 00957nam0-2200337---450- 001 990008790680403321 005 20091126150241.0 010 $a88-299-1816-4 035 $a000879068 035 $aFED01000879068 035 $a(Aleph)000879068FED01 035 $a000879068 100 $a20090114d2006----km-y0itay50------ba 101 0 $aita 102 $aIT 105 $aa-------001yy 200 1 $aIntroduzione alla biodiversitą del mondo vegetale$fF. Grassi, M. Labra, F. Sala 210 $aPadova$cPiccin$d©2006 215 $a88 p.$cill.$d23 cm 610 0 $aBiodiversitą 676 $a581.35 700 1$aGrassi,$bFabrizio$0431259 701 1$aSala,$bFrancesco$081881 701 1$aLabra,$bMassimo$0431260 801 0$aIT$bUNINA$gRICA$2UNIMARC 901 $aBK 912 $a990008790680403321 952 $a581.35-GRA-1$b4587$fSC1 959 $aSC1 996 $aIntroduzione alla biodiversitą del mondo vegetale$9808126 997 $aUNINA LEADER 01306nam 2200397 450 001 000003185 005 20100210082900.0 100 $a--------d1940----km-y0itay0103----ba 101 0 $aeng 102 $aUS 200 1 $a<> mixture as before$fW. Somerset Maugham 200 1 $a1 $n0004689 210 $aGarden City (N.Y.)$cDoubleday, Doran$d1940 215 $aIX, 310 p.$d20 cm. 676 $a823.912 700 1$aMaugham,$bWilliam Somerset$0168554 801 0$aIT$bUniversitą della Basilicata - B.I.A.$gRICA$2unimarc 912 $a000003185 996 $aMixture as before$972709 997 $aUNIBAS BAS $aMONLET BAS $aMONOGR BAS $aLETTERE CAT $aSTOLFI$b01$c19991005$lBAS01$h1717 CAT $c20000920$lBAS01$h1830 CAT $c20001010$lBAS01$h1633 CAT $c20050601$lBAS01$h1753 CAT $abatch$b01$c20050718$lBAS01$h1047 CAT $c20050718$lBAS01$h1107 CAT $c20050718$lBAS01$h1137 CAT $c20050718$lBAS01$h1151 CAT $aBATCH$b00$c20070503$lBAS01$h1734 CAT $aATR$b40$c20090305$lBAS01$h1200 CAT $aATR$b40$c20100210$lBAS01$h0829 FMT Z30 -1$lBAS01$LBAS01$mBOOK$1BASA1$APolo Storico-Umanistico$2GEN$BCollezione generale$3FP/3833$9FP/3833$63833$5L3833$819991005$f02$FPrestabile Generale LEADER 02864nam 2200625Ia 450 001 9910453889103321 005 20200520144314.0 010 $a1-281-81429-6 010 $a9786611814298 010 $a0-567-29846-9 035 $a(CKB)1000000000542248 035 $a(EBL)436340 035 $a(OCoLC)276360597 035 $a(SSID)ssj0000168760 035 $a(PQKBManifestationID)12047182 035 $a(PQKBTitleCode)TC0000168760 035 $a(PQKBWorkID)10192853 035 $a(PQKB)10773127 035 $a(MiAaPQ)EBC436340 035 $a(Au-PeEL)EBL436340 035 $a(CaPaEBR)ebr10250957 035 $a(CaONFJC)MIL181429 035 $a(OCoLC)893334103 035 $a(EXLCZ)991000000000542248 100 $a19990125d1999 uy 0 101 0 $aeng 135 $aur|n|---||||| 181 $ctxt 182 $cc 183 $acr 200 10$aHannah's desire, God's design$b[electronic resource] $eearly interpretations of the story of Hannah /$fJoan E. Cook 210 $aSheffield, England $cSheffield Academic Press$dc1999 215 $a1 online resource (137 p.) 225 1 $aJournal for the study of the Old Testament. Supplement series ;$v282 300 $aDescription based upon print version of record. 311 $a1-85075-909-X 320 $aIncludes bibliographical references and indexes. 327 $aContents; Acknowledgments; Abbreviations; Chapter 1 INTRODUCTION; Chapter 2 HANNAH IN 1 SAMUEL; Chapter 3 PSEUDO-PHILO'S STORY OF HANNAH IN BIBLICAL ANTIQUITIES; Chapter 4 THE SONG OF HANNAH IN TARGUM OF THE PROPHETS; Chapter 5 LUKE'S INFANCY NARRATIVE; Chapter 6 DESIRE AND DESIGN; Bibliography; Index of References; Index of Authors 330 $aThis study analyses the biblical personage Hannah as a literary entity, to illustrate her uniquely significant place in the traditions of Israel as the mother of Samuel and thus of the reform of the priesthood, the creation of the monarchy, and the teacher of all Israel. There are three interweaving themes: first, the literary issue of the barren mother type scene; second, the theological theme of divine guidance and human initiative; and third, the perspectives of early biblical interpretation. The study develops around four works: the Hannah narrative in 1 Samuel 1-2, Pseudo-Philo's Biblical 410 0$aJournal for the study of the Old Testament.$pSupplement series ;$v282. 606 $aWomen in the Bible 606 $aChildlessness in the Bible 608 $aElectronic books. 615 0$aWomen in the Bible. 615 0$aChildlessness in the Bible. 676 $a221.92 676 $a222.4092 700 $aCook$b Joan E$0956550 801 0$bMiAaPQ 801 1$bMiAaPQ 801 2$bMiAaPQ 906 $aBOOK 912 $a9910453889103321 996 $aHannah's desire, God's design$92166044 997 $aUNINA